Los 6666 refranes de mi última rebusca que con más de 21000 y 12600 refranes más suman largamente 40000 refranes castellanos no contenidos en la copiosa colección del maestro Gonzalo Correas
সংরক্ষণ করুন:
| প্রধান লেখক: | |
|---|---|
| বিন্যাস: | গ্রন্থ |
| ভাষা: | স্প্যানিশ |
| প্রকাশিত: |
Madrid
C. Bermejo
1934
|
| বিষয়গুলি: | |
| ট্যাগগুলো: |
ট্যাগ যুক্ত করুন
কোনো ট্যাগ নেই, প্রথমজন হিসাবে ট্যাগ করুন!
|
MARC
| LEADER | 00000nam a2200000 a 4500 | ||
|---|---|---|---|
| 001 | UCR9663 | ||
| 003 | CL-VaPUC | ||
| 008 | 980613e19340000SP |||||||||||||||||spa|d | ||
| 082 | 0 | 4 | |a 398.9 |b ROD |2 21 |
| 100 | 0 | |a Rodríguez Marín, Francisco |e author |9 345386 | |
| 245 | 1 | 4 | |a Los 6666 refranes de mi última rebusca que con más de 21000 y 12600 refranes más suman largamente 40000 refranes castellanos no contenidos en la copiosa colección del maestro Gonzalo Correas |
| 300 | |a 198 p | ||
| 942 | |c BK | ||
| 945 | |d 19980613 00:00:00 |a crobeson | ||
| 260 | |a Madrid |b C. Bermejo |c 1934 | ||
| 650 | 7 | |a REFRANES |2 CL-VaPUC |9 373405 | |
| 650 | 7 | |a FOLKLORE |2 CL-VaPUC |9 268291 | |
| 650 | 7 | |a CULTURAS POPULARES |2 CL-VaPUC |9 338177 | |
| 650 | 0 | |a Costumbres y tradiciones |9 268292 | |
| 650 | 0 | |a Cultura |9 269059 | |
| 650 | 0 | |a Arte popular |9 362163 | |
| 583 | |a last modification |c 19980613 00:00:00 |k Rodrigo Vera | ||
| 999 | |c 270846 |d 270844 | ||
| 952 | |0 0 |1 0 |4 0 |6 398_900000000000000_ROD_1934 |7 0 |8 A |9 305263 |a BIBEDU |b BIBEDU |d 2019-11-20 |i 1417487 |o 398.9 ROD 1934 |p 1417487 |r 2019-11-20 |w 2019-11-20 |y BK |k LIT | ||